Statistics for Famous People from Oklahoma

Click here to take the quiz!

General Stats

  • This quiz has been taken 4,073 times
  • The average score is 5 of 11

Answer Stats

ClueHometownAnswer% Correct
Country singer who has friends in low placesYukonGarth Brooks
68%
Yankees slugger who dueled Maris in 1961CommerceMickey Mantle
63%
Beneath his beard there is not a chin, only another fistRyanChuck Norris
56%
Folk singer who wrote "This Land Is Your Land"Okemah Woody Guthrie
54%
Country singer who won Season 4 of "American Idol"Checotah Carrie Underwood
54%
Cowboy humorist who never met a man he he didn't likeIndian TerritoryWill Rogers
52%
Baseball player, football player, and gold-medal decathleteIndian TerritoryJim Thorpe
50%
OSU running back who shattered college records in 1988 †Oklahoma CityBarry Sanders
46%
OU star, #1 NBA draft pick, and slam dunk contest winnerOklahoma City Blake Griffin
37%
"Mildred Pierce" actress who didn't like wire hangersLawtonJoan Crawford
34%
Psychedelic band who sang "Yoshimi Battles the Pink Robots"NormanThe Flaming Lips
21%

Score Distribution

Percentile by Number Answered

Percent of People with Each Score

Your Score History

You have not taken this quiz